00379nam a22000977a 4500003000400000008004100004245006600045250009500111260004800206650002700254OSt201218b ||||| |||| 00| 0 eng d aIndian Journal of Information and Computer Science Technology a2017(Jan-Jun Vol.7 No.1, Jul-Dec Vol.7 No.2) 2018(Jan-Jun Vol.8 No.1, Jul-Dec Vol.8 No.2)  aNew DelhibGBS Publishers and Distributors  aInformation Technology